000 00665nam a2200241Ia 4500
003 IIN
005 20250722130314.0
008 231217s9999 xx adc 001 0 eng d
020 _cRs.1450.00
_a9780702076435
040 _aIIN
_bEnglish
082 _a618.2
_bMAR
100 1 _aMarshall, Jayne
245 1 _aMyles Textbook for Midwives
_cJayne Marshall & Maureen D Raynor
250 _a17th int. ed.
260 _aEdinburgh
_bElsevier
_c2014
300 _axv,1016p.
_bcol. ill.
500 _aIncludes Index
650 1 _aGynecology
_vNursing
650 1 _aObstetrics
_vNursing
650 1 _aMidwives
_vNursing
700 1 _aRaynor, Maureen
942 _cBOOK
999 _c1451
_d1451